000 00556nam a22001577a 4500
003 OSt
008 260629b |||||||| |||| 00| 0 eng d
020 _a9789388892193
082 _a631.586
_bK92D
100 _aKrishnaprabu, S.
245 _aDryland Farming & Watershed Management/ by S. Krishnaprabu
260 _aNew Delhi:
_bInternational Books & Periodicals Supply Service,
_c2020.
300 _aviii, 114 p.
650 _aTechnology (Applied Sciences) | Agriculture and Related Technologies | Dry Farming | Watershed Management
942 _2ddc
_cBK
999 _c52452
_d52452